[Event "Asian-ch Indonesia B1 (Women)"]
[Site "Cempaka Putih"]
[Date "2018.10.08"]
[Round "3.5"]
[White "Rathi, Himanshi"]
[Black "Zare Zadeh Shakrak, Leila"]
[Result "0-1"]
[WhiteElo "1138"]
[BlackElo "1425"]
[PlyCount "58"]
[EventDate "2018.10.07"]
[EventType "swiss"]
[EventRounds "7"]
[EventCountry "INA"]
[SourceTitle "EXT 2024"]
[Source "ChessBase"]
[SourceDate "2023.10.10"]
[SourceVersion "1"]
[SourceVersionDate "2023.10.10"]
[SourceQuality "1"]

1. d4 c5 2. c3 Nf6 3. Bf4 g6 4. Nf3 b6 5. Nbd2 Bb7 6. e3 d6 7. Bd3 Bg7 8. e4 0-0 9. d5 Re8 10. Bg3 Nbd7 11. 0-0 Nh5 12. Rb1 Nxg3 13. fxg3 e6 14. c4 exd5 15. cxd5 Rc8 16. Nc4 Nf6 17. Qe2 Bxd5 18. Nxd6 Qxd6 19. e5 Qe7 20. exf6 Qxf6 21. Qd2 Rcd8 22. Ng5 Qd4+ 23. Qf2 Qxd3 24. Rbd1 Qe3 25. Nxf7 Qxf2+ 26. Rxf2 Bxf7 27. Rdf1 Bd4 28. Kh1 Bxf2 29. Rxf2 Re1+ 0-1